United States Democratic and Republican Presidential Candidates - Statistics

General Stats
  • This quiz has been taken 28 times
    18 since last reset
  • The average score is 95 of 188
Answer Stats
Election Presidential Party % Correct
2016 Donald Trump Rep
94%
2020 Donald Trump Rep
94%
2024 Donald Trump Rep
94%
2024 JD Vance Rep
94%
2008 Joe Biden Dem
94%
2012 Joe Biden Dem
94%
2020 Joe Biden Dem
94%
2020 Kamala Harris Dem
94%
2024 Kamala Harris Dem
94%
1952,VP Richard Nixon Rep
94%
1956,VP Richard Nixon Rep
94%
1960 Richard Nixon Rep
94%
1968 Richard Nixon Rep
94%
1972 Richard Nixon Rep
94%
1992,VP Al Gore Dem
88%
1996,VP Al Gore Dem
88%
2000 Al Gore Dem
88%
2008 Barack Obama Dem
88%
2012 Barack Obama Dem
88%
1992 Bill Clinton Dem
88%
1996 Bill Clinton Dem
88%
1952 Dwight D. Eisenhower Rep
88%
1956 Dwight D. Eisenhower Rep
88%
1920,VP Franklin D. Roosevelt Dem
88%
1932 Franklin D. Roosevelt Dem
88%
1936 Franklin D. Roosevelt Dem
88%
1940 Franklin D. Roosevelt Dem
88%
1944 Franklin D. Roosevelt Dem
88%
1980,VP George H. W. Bush Rep
88%
1984,VP George H. W. Bush Rep
88%
1988 George H. W. Bush Rep
88%
1992 George H. W. Bush Rep
88%
2000 George W. Bush Rep
88%
2004 George W. Bush Rep
88%
1976 Gerald Ford Rep
88%
1944,VP Harry S. Truman Dem
88%
1948 Harry S. Truman Dem
88%
2016 Hillary Clinton Dem
88%
1976 Jimmy Carter Dem
88%
1980 Jimmy Carter Dem
88%
1960 John F. Kennedy Dem
88%
1960,VP Lyndon B. Johnson Dem
88%
1964 Lyndon B. Johnson Dem
88%
2016 Mike Pence Rep
88%
2020 Mike Pence Rep
88%
1900,VP Theodore Roosevelt Rep
88%
1904 Theodore Roosevelt Rep
88%
1828 Andrew Jackson Dem
75%
1832 Andrew Jackson Dem
75%
1864 Andrew Johnson Rep
75%
1872 Henry Wilson Rep
75%
1860 Herschel Vespasian Johnson Dem
75%
1836 Richard Mentor Johnson Dem
75%
1840 Richard Mentor Johnson Dem
75%
1980 Ronald Reagan Rep
75%
1984 Ronald Reagan Rep
75%
1976,VP Walter Mondale Dem
75%
1980,VP Walter Mondale Dem
75%
1984 Walter Mondale Dem
75%
1912 Woodrow Wilson Dem
75%
1916 Woodrow Wilson Dem
75%
1860 Abraham Lincoln Rep
69%
1864 Abraham Lincoln Rep
69%
1888 Benjamin Harrison Rep
69%
1892 Benjamin Harrison Rep
69%
2000,VP Dick Cheney Rep
69%
2004 Dick Cheney Rep
69%
1884 Grover Cleveland Dem
69%
1888 Grover Cleveland Dem
69%
1892 Grover Cleveland Dem
69%
1928 Herbert Hoover Rep
69%
1932 Herbert Hoover Rep
69%
2008 John McCain Rep
69%
1832 Martin Van Buren Dem
69%
1836 Martin Van Buren Dem
69%
1840 Martin Van Buren Dem
69%
2012 Mitt Romney Rep
69%
2024 Tim Walz Dem
69%
1868 Ulysses S. Grant Rep
69%
1872 Ulysses S. Grant Rep
69%
1976,VP Bob Dole Rep
63%
1996 Bob Dole Rep
63%
1856 James Buchanan Dem
63%
2004 John Kerry Dem
63%
1988 Michael Dukakis Dem
63%
1908 William Howard Taft Rep
63%
1912 William Howard Taft Rep
63%
1896 William McKinley Rep
63%
1900 William McKinley Rep
63%
1920,VP Calvin Coolidge Rep
56%
1924 Calvin Coolidge Rep
56%
1880,VP Chester A. Arthur Rep
56%
1972 George McGovern Dem
56%
1964,VP Hubert Humphrey Dem
56%
1968 Hubert Humphrey Dem
56%
1880 James A. Garfield Rep
56%
2008 Sarah Palin Rep
56%
1944 Thomas E. Dewey Rep
56%
1948 Thomas E. Dewey Rep
56%
2016 Tim Kaine Dem
56%
1920 Warren G. Harding Rep
56%
1892,VP Adlai Stevenson I Dem
50%
1900,VP Adlai Stevenson I Dem
50%
1952 Adlai Stevenson II Dem
50%
1956 Adlai Stevenson II Dem
50%
1928 Al Smith Dem
50%
1964 Barry Goldwater Rep
50%
1988,VP Dan Quayle Rep
50%
1992,VP Dan Quayle Rep
50%
1844 James K. Polk Dem
50%
1876 Rutherford B. Hayes Rep
50%
1936 Alf Landon Rep
44%
1852 Franklin Pierce Dem
44%
1896 William Jennings Bryan Dem
44%
1900 William Jennings Bryan Dem
44%
1908 William Jennings Bryan Dem
44%
1924,VP Charles W. Bryan Dem
38%
2000 Joe Lieberman Dem
38%
1856 John C. Fremont Rep
38%
2012 Paul Ryan Rep
38%
1876 Samuel J. Tilden Dem
38%
1984,VP Geraldine Ferraro Dem
31%
1860 Hannibal Hamlin Rep
31%
1904,VP Henry Gassaway Davis Dem
31%
1924 John W. Davis Dem
31%
1860 Stephen A. Douglas Dem
31%
1940 Wendell Willkie Rep
31%
1948,VP Alben W. Barkley Dem
25%
1916 Charles Evans Hughes Rep
25%
1940,VP Henry A. Wallace Dem
25%
1872 Horace Greeley endorsed by Dem
25%
1996,VP Jack Kemp Rep
25%
1968,VP Spiro Agnew Rep
25%
1972,VP Spiro Agnew Rep
25%
1868 Horatio Seymour Dem
19%
1828 John C. Calhoun Dem
19%
2004 John Edwards Dem
19%
1848 Lewis Cass Dem
19%
1880 Winfield Scott Hancock Dem
19%
1904 Alton B. Parker Dem
13%
1928,VP Charles Curtis Rep
13%
1932,VP Charles Curtis Rep
13%
1924,VP Charles G. Dawes Rep
13%
1948,VP Earl Warren Rep
13%
1864 George B. McClellan Dem
13%
1844 George M. Dallas Dem
13%
1960,VP Henry Cabot Lodge Jr. Rep
13%
1884 James G. Blaine Rep
13%
1920 James M. Cox Dem
13%
1908,VP James S. Sherman Rep
13%
1932,VP John Nance Garner Dem
13%
1936,VP John Nance Garner Dem
13%
1988,VP Lloyd Bentsen Dem
13%
1912,VP Thomas R. Marshall Dem
13%
1916,VP Thomas R. Marshall Dem
13%
1876,VP William A. Wheeler Rep
13%
1852 William R. King Dem
13%
1904,VP Charles W. Fairbanks Rep
6%
1916,VP Charles W. Fairbanks Rep
6%
1968,VP Edmund Muskie Dem
6%
1956,VP Estes Kefauver Dem
6%
1868 Francis Preston Blair Jr. Dem
6%
1856 John C. Breckinridge Dem
6%
1860 John C. Breckinridge Southern Dem
6%
1928,VP Joseph Taylor Robinson Dem
6%
1888,VP Levi P. Morton Rep
6%
1972,VP Sargent Shriver Dem
6%
1868 Schuyler Colfax Rep
6%
1888,VP Allen G. Thurman Dem
0%
1896,VP Arthur Sewall Dem
0%
1872,VP Benjamin Gratz Brown endorsed by Dem
0%
1940,VP Charles L. McNary Rep
0%
1936,VP Frank Knox Rep
0%
1896,VP Garret Hobart Rep
0%
1864 George H. Pendleton Dem
0%
1884,VP John A. Logan Rep
0%
1952,VP John Sparkman Dem
0%
1944,VP John W. Bricker Rep
0%
1908,VP John W. Kern Dem
0%
1860 Joseph Lane Southern Dem
0%
1912,VP Nicholas Murray Butler Rep
0%
1876,VP Thomas A. Hendricks Dem
0%
1884,VP Thomas A. Hendricks Dem
0%
1892,VP Whitelaw Reid Rep
0%
1964,VP William E. Miller Rep
0%
1880,VP William Hayden English Dem
0%
1856 William L. Dayton Rep
0%
1848 William Orlando Butler Dem
0%
No matching quizzes found
Score Distribution
Percent of People with Each Score
Percentile by Number Answered
Your Score History
You have not taken this quiz since the last reset